000 00420nam a22001697a 4500
003 koha_MIRAKIL
005 20231213095811.0
008 231213b |||||||| |||| 00| 0 ||| d
020 _b978-9-94440513-3
040 _aTR-IsEVY
_btur
_cTR-IsEVY
082 _aFIC COP/K
245 0 _aKırmızı Pınar'daki somon balığı.
260 _bTüsiad,
_c2007
300 _a20
650 _aGenel Konular.
942 _2ddc
_cBK
999 _c9642
_d9642